Thru Your Phone - Cardi B - Statistics

General Stats
  • This quiz has been taken 49 times
  • The average score is 273 of 369
Answer Stats
Answer % Correct
I
100%
i
100%
a
97%
A
97%
bitch
97%
hear
97%
her
97%
hoe
97%
phone
97%
you
97%
You
97%
Your
97%
your
97%
All
93%
all
93%
like
93%
She
93%
Shit
93%
shit
93%
the
93%
to
93%
Up
93%
up
93%
an
90%
Call
90%
Just
90%
just
90%
That
90%
that
90%
about
87%
and
87%
And
87%
Break
87%
can
87%
friends
87%
my
87%
My
87%
on
87%
see
87%
tell
87%
Wanna
87%
wanna
87%
ass
83%
bros
83%
fake
83%
fuck
83%
go
83%
group
83%
hoes
83%
hoes?
83%
Know
83%
know
83%
let
83%
little
83%
mama
83%
oh
83%
Oh
83%
then
83%
brag
80%
from
80%
it
80%
me
80%
me?
80%
naked
80%
of
80%
pics
80%
screen
80%
send
80%
shotted
80%
wake
80%
boobs
77%
do
77%
'gram
77%
man?
77%
no
77%
they
77%
with
77%
actin
73%
bitches
73%
click
73%
dial
73%
in
73%
is
73%
right
73%
seen
73%
cannot
70%
dont
70%
gon'
70%
gon
70%
heart
70%
serve
70%
texts
70%
want
70%
where
70%
bleach
67%
last
67%
night
67%
round
67%
stand
67%
through
67%
tone
67%
went
67%
ya
67%
bleeding
63%
bon
63%
give
63%
here
63%
jesus
63%
Look
63%
look
63%
out
63%
appetit
60%
Beyonce
60%
'bout
60%
coming
60%
its
60%
Its
60%
raw?
60%
sleepin
60%
yall
60%
bar?
57%
Best
57%
Buy
57%
didnt
57%
hand
57%
love
57%
nigga
57%
really
57%
teaspoon
57%
things
57%
tv
57%
baby
53%
beating
53%
cut
53%
different
53%
Eye
53%
im
53%
invasion
53%
Killing
53%
killing
53%
Left
53%
might
53%
now
53%
or
53%
privacy
53%
Saw
53%
saw
53%
sleeping
53%
them
53%
turn
53%
was
53%
bad
50%
everyone
50%
have
50%
home
50%
into
50%
repeat
50%
smash
50%
some
50%
bowl
47%
cereal
47%
cheat
47%
feeling
47%
for
47%
had
47%
lied
47%
make
47%
risk
47%
sneakers
47%
stereo
47%
this
47%
at
43%
even
43%
follow
43%
fucking
43%
holding
43%
how
43%
back
40%
got
40%
peacefully
40%
turns
40%
why
40%
attitude?
37%
dying
37%
eating
37%
everything
37%
inside
37%
mad
37%
thats
37%
tongues
37%
close
33%
Resentment
33%
stabbin
33%
thinkin
33%
creepin
30%
naw?
30%
gettin
27%
ima
27%
more
27%
whole
27%
creeping
17%
nuds
17%
scenarious
0%
No matching quizzes found
Score Distribution
Percent of People with Each Score
Percentile by Number Answered
Your Score History
You have not taken this quiz